000 00550nam a2200205 u 4500
005 20250919063955.0
008 140918s2005 mx r 000 0 spa d
020 _a9702707617
035 _aUPN01000199640
049 _aCG
050 4 _aRC425
_bA7.2
100 1 _aArdila, Alfredo
_932892
245 1 4 _aLas afasias /
_cAlfredo Ardila.
260 _aMéxico :
_bUniversidad de Guadalajara,
_c2005.
300 _a350 p. :
_bil., tablas
650 2 _aAfasia
_92025
650 4 _aTrastornos del habla
_96691
905 _aLibro
999 _c171741
_d171741